Films d'animation de 2006 en images - Statistiques

Statistiques générales
  • Ce quiz a été pris 106 fois
  • Le résultat moyen est 7 sur 12
Statistiques - réponses
Par images Réponse % Correct
Cars
100%
L'Âge de glace 2
99%
Astérix et les Vikings
97%
Happy Feet
75%
La Ferme en folie
57%
Azur et Asmar
55%
Souris City
51%
Les Rebelles de la forêt
46%
Animal Crossing
30%
Paprika
29%
Les Contes de Terremer
24%
La Traversée du temps
8%
Aucun quiz correspondant
Distribution des résultats
% des personnes avec chaque résultat
Percentile par nombre de réponses
Votre historique - résultats
Vous n’avez pas pris ce quiz